[Event "Wch Seniors 50 26th"]
[Site "Marianske Lazne"]
[Date "2016.11.30"]
[Round "11"]
[White "Koci, Vladimir"]
[Black "Serafim Junior, Arnor"]
[Result "1/2-1/2"]
[WhiteElo "1636"]
[BlackElo "1846"]
[PlyCount "59"]
[EventDate "2016.11.19"]
[EventType "swiss"]
[EventRounds "11"]
[EventCountry "CZE"]
[SourceTitle "CBM 175 Extra"]
[Source "ChessBase"]
[SourceDate "2016.12.12"]
[SourceVersion "1"]
[SourceVersionDate "2016.12.12"]
[SourceQuality "1"]

1. e4 c5 2. Nf3 e6 3. d4 cxd4 4. Nxd4 a6 5. Nc3 Qc7 6. g3 Nf6 7. Bg2 Be7 8. Be3 0-0 9. 0-0 d6 10. a4 Nc6 11. Nb3 b6 12. f4 Bb7 13. g4 g6 14. g5 Nh5 15. f5 Ne5 16. f6 Bd8 17. Ne2 Qc4 18. Nd2 Qc7 19. Nf4 Nxf4 20. Rxf4 h5 21. Rh4 Nd7 22. Qf3 d5 23. Rf1 Qe5 24. Bf4 dxe4 25. Qe2 Qxb2 26. Nc4 Qc3 27. Bd2 Qd4+ 28. Be3 Qc3 29. Bd2 Qd4+ 30. Be3 1/2-1/2

[Event "Piestany op"]
[Site "Piestany"]
[Date "2014.11.16"]
[Round "2"]
[White "Koci, Vladimir"]
[Black "Kympergr, Vojtech"]
[Result "1-0"]
[WhiteElo "1713"]
[BlackElo "1473"]
[PlyCount "67"]
[EventDate "2014.11.15"]
[EventType "swiss"]
[EventRounds "8"]
[EventCountry "SVK"]
[SourceTitle "EXT 2023"]
[Source "ChessBase"]
[SourceDate "2022.10.05"]
[SourceVersion "1"]
[SourceVersionDate "2022.10.05"]
[SourceQuality "1"]

1. e4 e5 2. Nf3 Nc6 3. Bb5 a6 4. Ba4 Nf6 5. 0-0 b5 6. Bb3 Bc5 7. c3 0-0 8. d4 exd4 9. cxd4 Bb6 10. e5 Ne4 11. Bd5 Nxf2 12. Rxf2 Bb7 13. Nc3 h6 14. Be3 Rb8 15. Kh1 Bc8 16. Qd2 Ne7 17. Bb3 Bb7 18. Nh4 b4 19. Na4 Be4 20. Nc5 Bxc5 21. dxc5 Nc6 22. Nf5 Nxe5 23. Nxh6+ gxh6 24. Raf1 Bg6 25. Rf6 Kh7 26. Bc2 Rg8 27. Bxh6 Bxc2 28. Qxc2+ Rg6 29. Bg5 Qh8 30. Qf5 d6 31. Rf4 Kg7 32. Rxg6+ fxg6 33. Qf6+ Kg8 34. Qe6+ 1-0

[Event "Piestany op"]
[Site "Piestany"]
[Date "2013.11.23"]
[Round "7"]
[White "Koci, Vladimir"]
[Black "Mikus, Peter"]
[Result "0-1"]
[WhiteElo "1693"]
[BlackElo "1782"]
[PlyCount "94"]
[EventDate "2013.11.18"]
[EventType "swiss"]
[EventRounds "7"]
[EventCountry "SVK"]
[SourceTitle "CBM 157 Extra"]
[Source "ChessBase"]
[SourceDate "2013.12.19"]
[SourceVersion "1"]
[SourceVersionDate "2013.12.19"]
[SourceQuality "1"]

1. e4 e5 2. Nf3 Nc6 3. Bb5 a6 4. Ba4 d6 5. 0-0 Bg4 6. d3 Nf6 7. Re1 Be7 8. Nbd2 0-0 9. h3 Bh5 10. Nf1 Nd4 11. N1h2 b5 12. Bb3 a5 13. c3 Nxb3 14. Qxb3 Rb8 15. Qc2 c5 16. d4 cxd4 17. Qd3 dxc3 18. Qxc3 b4 19. Qd3 Bg6 20. Nd2 d5 21. Nhf3 Bd6 22. Qb3 d4 23. Nh4 Kh8 24. Nxg6+ fxg6 25. Nc4 Nh5 26. Nxd6 Qxd6 27. Bg5 h6 28. Bh4 g5 29. Bg3 Qf6 30. Rf1 Nf4 31. Bxf4 gxf4 32. f3 Qd6 33. Rac1 Rfc8 34. Rc2 Rxc2 35. Qxc2 d3 36. Qd2 Rc8 37. Rd1 Qd4+ 38. Kh2 Rd8 39. g3 Qe3 40. gxf4 exf4 41. Kg2 Rd6 42. Qf2 d2 43. Kf1 Qd3+ 44. Qe2 Qc2 45. e5 Rd3 46. Kg2 Re3 47. Qxd2 Re2+ 0-1

[Event "CZE-chT2A 1213"]
[Site "Czech Republic"]
[Date "2012.10.14"]
[Round "1.8"]
[White "Koci, Vladimir"]
[Black "Postl, Petr"]
[Result "0-1"]
[WhiteElo "1712"]
[BlackElo "2015"]
[PlyCount "64"]
[EventDate "2012.10.14"]
[EventType "team-tourn"]
[EventRounds "11"]
[EventCountry "CZE"]
[SourceTitle "EXT 2015"]
[Source "ChessBase"]
[SourceDate "2014.11.20"]
[SourceVersion "1"]
[SourceVersionDate "2014.11.20"]
[SourceQuality "1"]
[WhiteTeam "Karlovy Vary II"]
[BlackTeam "Karlovy Vary"]
[WhiteTeamCountry "CZE"]
[BlackTeamCountry "CZE"]

1. e4 e5 2. Nf3 Nc6 3. Bb5 a6 4. Ba4 b5 5. Bb3 Nf6 6. 0-0 d6 7. h3 Na5 8. Nc3 Nxb3 9. axb3 Bb7 10. d3 Be7 11. Ne2 0-0 12. Ng3 d5 13. Re1 dxe4 14. Nxe5 Qd5 15. d4 c5 16. Nf5 Bd8 17. c3 Qe6 18. Ng3 cxd4 19. cxd4 Bb6 20. Be3 Nd5 21. Nxe4 f6 22. Qg4 Qxg4 23. Nxg4 Nxe3 24. Nexf6+ gxf6 25. Rxe3 Bd5 26. Rg3 Kh8 27. Re1 f5 28. Nh6 Rf6 29. Re5 Bc7 30. Rg8+ Rxg8 31. Nxg8 Bxe5 32. Nxf6 Bxf6 0-1

[Event "CZE-ch14 sf01 corr"]
[Site "Czechia"]
[Date "2004.05.26"]
[Round "?"]
[White "Koci, Vladimir"]
[Black "Struzka, Vlastimil"]
[Result "1/2-1/2"]
[WhiteElo "2220"]
[BlackElo "2165"]
[PlyCount "129"]
[EventDate "2003.??.??"]
[EventType "tourn (corr)"]
[EventRounds "14"]
[EventCountry "CZE"]
[SourceTitle "Corr 2006"]
[Source "ChessBase"]
[SourceDate "2006.04.01"]
[SourceVersion "3"]
[SourceVersionDate "2006.04.01"]
[SourceQuality "1"]

1. d4 d5 2. Nf3 c6 3. Bf4 Qb6 4. Qc1 Nf6 5. e3 Bf5 6. Nbd2 e6 7. Be2 Be7 8. h3 c5 9. c3 0-0 10. Ne5 Nfd7 11. Ndf3 Nxe5 12. Nxe5 f6 13. Nf3 Be4 14. Qd2 Nd7 15. h4 e5 16. dxe5 Nxe5 17. Nxe5 fxe5 18. Bxe5 Qe6 19. f4 Bf6 20. Bxf6 Rxf6 21. Rg1 Rd8 22. g4 d4 23. Rg3 d3 24. g5 Rff8 25. Bg4 Qd5 26. h5 Rd6 27. b3 c4 28. bxc4 Qxc4 29. Bd1 Kh8 30. Bb3 Qc6 31. c4 Qe8 32. Rh3 Qd7 33. Rh4 Qe7 34. h6 Rxh6 35. Rxh6 gxh6 36. Qc3+ Qg7 37. Qxg7+ Kxg7 38. gxh6+ Kxh6 39. Kd2 Kg7 40. Rg1+ Kf6 41. Rg5 Re8 42. Ra5 a6 43. Rh5 Kg6 44. Rg5+ Kf6 45. c5 h6 46. Rh5 Kg6 47. Bd1 Re7 48. Bg4 Re8 49. Rh3 Re7 50. Bf3 Bxf3 51. Rxf3 Rd7 52. Rg3+ Kf5 53. Rh3 Kg6 54. Rh2 a5 55. e4 h5 56. Ke3 h4 57. Kd2 Kh5 58. Rg2 h3 59. Rg1 Kh4 60. f5 h2 61. Rh1 Kg3 62. f6 Kf4 63. Rxh2 Kxe4 64. Rf2 Rf7 65. Rf1 1/2-1/2